000 01186nam a2200313 a 4500
001 000113506
003 CHAP
005 20220329144358.0
008 170726s2016 mx a fsm |||||||spa d
010 _a109967
011 _a110939
040 _cCHAP
090 _aTesis
100 1 _aGuzmán Mendoza, Jesui
_9132839
245 1 0 _aAsociaciones agroforestales bajo ensayo en el cultivo del hule (Hevea brasiliensis Muell. Arg.), en el Rancho San Rafael, Huimanguillo, Tabasco /
_h[En línea]
_cpor Jesui Guzmán Mendoza.
260 _aTeapa, Tab. :
_bEl autor,
_c2016.
500 _aPara ver el contenido del material haga clic en la liga
502 _aTesis (Ing. Agr. Esp. en Zonas Tropicales) -- UACH. Unidad Regional Universitaria Sursureste
590 _aE11695DGD
_b10
_c20170726
_lUCH01
_h1155
590 _aE6096MTM
_b05
_c20170726
_lUCH01
_h1116
590 _aE6096MTM
_b05
_c20170726
_lUCH01
_h1123
650 1 4 _aCaucho
_xAspectos económicos.
_920540
650 1 4 _aCaucho
_xCultivo.
_9126467
650 1 4 _aSistemas agroforestales.
_9106735
856 _aFinding aid
_uhttp://10.13.5.2/tesis/sist113506.pdf
_zTeclea aquí
901 _aBK
942 _cTESIS
942 _n0
999 _c109967
_d109967